Selected essays on the economic growth of the socialist and the mixed economy (Record no. 121918)

MARC details
000 -LEADER
fixed length control field 00446nam a2200157Ia 4500
008 - FIXED-LENGTH DATA ELEMENTS--GENERAL INFORMATION
fixed length control field 230917s9999||||xx |||||||||||||| ||und||
020 ## - ISBN
Price PON6.5
040 ## - CATALOGING SOURCE
-- 18847
Original cataloging agency VIVEKANANDA LIBRARY
041 ## - Language
-- English
082 ## - DDC NUMBER
Classification number 330.9 K124S
100 ## - MAIN ENTRY--PERSONAL NAME
Personal name Kalecki, Michal
245 #0 - TITLE STATEMENT
Title Selected essays on the economic growth of the socialist and the mixed economy
260 ## - PUBLICATION, DISTRIBUTION, ETC. (IMPRINT)
Place of publication, distribution, etc Cambridge
Name of publisher, distributor, etc Cambridge University Press
Date of publication, distribution, etc 1972
300 ## - PHYSICAL DESCRIPTION
Pages vii, 176 p.
942 ## - ADDED ENTRY ELEMENTS (KOHA)
Koha item type Books
Holdings
Withdrawn status Lost status Damaged status Not for loan Location (home branch) Sublocation or collection (holding branch) Date acquired Koha issues (times borrowed) Koha full call number Accession No. Koha date last seen Koha item type
        VIVEKANANDA LIBRARY VIVEKANANDA LIBRARY 08/08/2002   330.9 K124S 21613 17/09/2023 Books
        VIVEKANANDA LIBRARY VIVEKANANDA LIBRARY 08/08/2002   330.9 K124S 44750 17/09/2023 Books
        VIVEKANANDA LIBRARY VIVEKANANDA LIBRARY 08/08/2002   330.9 K124S 78191 17/09/2023 Books
© Designed and Maintained by Vivekananda Library, MDU Rohtak